000
00333nam a2200133Ia 4500
008
220204s9999 xx 000 0 und d
082
_a
013.81527778
_b
SEL
100
_a
SELWYN, Norman M
245
0
_a
Law of employment
250
_a
Ed.2
260
_a
London
_b
Butterworths
_c
1978
650
_a
Industrial relations law
942
_c
BK
999
_c
30459
_d
30459